Statistics for Most important soccer goals ever scored

Click here to take the quiz!

General Stats

  • This quiz has been taken 173 times
  • The average score is 6 of 8

Answer Stats

HintAnswer% Correct
Hand of GodDiego Maradona
96%
2010 world cup finalAndres Iniesta
91%
2014 world cup finalMario Gotze
87%
2001 Amazing Freekick in 90th minute to let England in the world cupDavid Beckham
84%
2014 min.93 Champions League FinalSergio Ramos
81%
2016 Euro Cup FinalEder
76%
2012 Header to tie Champions League FinalDidier Drogba
70%
2005 3rd Goal for Liverpool to tie the Champions League FinalXabi Alonso
54%

Score Distribution

Percentile by Number Answered

Percent of People with Each Score

Your Score History

You have not taken this quiz